| 000 | 01677nam a2200349 a 4500 | ||
|---|---|---|---|
| 001 | BRCA_8602 | ||
| 005 | 20190320210337.0 | ||
| 008 | 290816s1734----it-#######---#000-0#lat-# | ||
| 041 | _alat | ||
| 044 | _ait | ||
| 050 | 4 |
_aKB230 _b.D45 _c1734 |
|
| 100 | 1 |
_aDe luca Baptistae, Venusini _921503 |
|
| 245 | 1 | 0 |
_aTheatrum veritatis et justitiae sive decisivi discursus per materias seu titulos distincti & ad veritatem editi in forensibus controversiis canonicis & civilibus in quibus in urbe advocatus pro una partium scripsit vel consultus respondit _cVenusini de luca Baptistae. |
| 260 |
_aVenetiis _bEx typographia balleoniana _c1734 |
||
| 300 |
_a8 vols. (con varias paginaciones) _c39 cm |
||
| 500 | _aFondo antiguo | ||
| 500 | _aSe encuentra en Caja Fuerte | ||
| 500 | _aU-118a | ||
| 500 | _aIncluye índice | ||
| 500 | _aPortada impresa a dos tintas negro y rojo, con grabado | ||
| 500 | _aUso de viñetas al final de cada capítulo | ||
| 500 | _aTexto escrito a dos columnas | ||
| 500 | _aCon Ex-libris de: Franz Mayer | ||
| 500 | _aSe encuentran los siguientes tomos: T .I, T.III,T. V,T. VII,T. IX,T. XI,T. XIII y T. XV | ||
| 500 | _aEstado físico: Vol. 1 se observa daño por polilla en las páginas del documento, la guarda posterior presenta una rotura. Vol. 9 encuadernación deteriorada del lomo se encuentra desprendido | ||
| 500 | _aNota de encuadernación: desgastada de lomo y tapas, en piel con cartón | ||
| 506 | 0 | _aFondo reservado: para su consulta es necesario credencial de usuario y carta de motivos | |
| 650 | 1 | 4 |
_aDerecho canónico _921260 |
| 650 | 1 | 4 |
_aIglesia católica _eCuria romana _915525 |
| 902 | _aLAR | ||
| 942 |
_2lcc _cB |
||
| 999 |
_c8265 _d8265 |
||